LEADER 01109nam a2200277 i 4500 001 000000149343 003 CaOOAMICUS 005 20220523161138.0 008 060330s1972 it u000 u ita u 013 $a126663 040 $aSeMil$bita 100 1 $aMutini, Claudio,$d<1935-1999>.$0(OLS)http://semarc/name/58997 245 10$aInterpretazione del Poliziano /$cClaudio Mutini. 260 $aRoma :$bIstituto della Enciclopedia Italiana,$c1972. 300 $a108 p. ;$c18 cm. 490 1 $BBibliotheca biographica ;$v6 541 0 $aFondo Ciprandi (1D I 108) 600 14$aPoliziano, Angelo <1454-1494>.$0(OLS)http://semarc/subject/13882 830 0$aBibliotheca biographica ;$v6.$0(OLS)http://semarc/title/19917 850 $aSeMil 852 $aSeMil$W1$xVenegono$y1$m1D I 108$j101607$B101607$CSeMilBibl$Z2$F110271 $81 941 1 $a1 961 $aOmaggio: Ciprandi dott. Paolo 996 $6245$aInterpretazione del Poliziano$9(OLS)http://semarc/title/218317 996 $6260$aRoma :$bIstituto della Enciclopedia Italiana$9(OLS)http://semarc/publisher/30014 LEADER 01295nam a2200277 i 4500 001 000000164215 003 CaOOAMICUS 005 20070906000000.0 008 070906s2007 it u000 u ita u 013 $a141582 020 $a978-88-8441-088-7 040 $aSeMil$bita 110 0 $aCentro Regionale Vocazioni .$0(OLS)http://semarc/name/25240 240 00$aCorso di avvio all'accompagnamento spirituali.$0(OLS)http://semarc/title/234288 245 10$aCorso di avvio all'accompagnamento spirituale :$batti /$cCRV - Centro Regionale Vocazioni ; a cura di Giampaolo Cassano. 260 $aCasale Monferrato (AL) :$bPortalupi,$c2007. 300 $a445 p. ;$c21 cm. 500 $aContiene : Appendice. 650 4$aDirezione spirituale.$0(OLS)http://semarc/subject/2829 700 1 $aCassano, Giampaolo,$c.$0(OLS)http://semarc/name/47521 850 $aSeMil 852 $aSeMil$W1$xVenegono$y1$m2C II 556$j115495$B115495$CSeMilBibl$Z2$F126899 $81 961 $aOmaggio: Guarinelli don Stefano 996 $6020$a978-88-8441-088-7$9(OLS)http://semarc/number/150456 996 $6245$aCorso di avvio all'accompagnamento spirituale :$batti$9(OLS)http://semarc/title/234289 996 $6260$aCasale Monferrato (AL) :$bPortalupi$9(OLS)http://semarc/publisher/35001